Primi 10 paesi interessati da Covid-19 - 9 aprile - Statistics

Statistiche generali
  • Questo quiz è stato fatto 8 volte
  • Il punteggio medio è 9 su 14
Statistiche sulle risposte
tasso per
milioni
nazione % Corretto
Cina
100%
1804 Francia
100%
2375 Italia
100%
Regno Unito
100%
3261 Spagna
100%
1397 Stati Uniti
100%
1394 Germania
86%
1471 Austria
57%
2156 Belgio
43%
1369 Portogallo
43%
Iran
29%
1331 Irlanda
29%
2778 Svizzera
29%
Turchia
29%
Nessun quiz corrispondente trovato
Distribuzione punteggi
Percentuale di utenti per punteggio
Percentile per numero di risposta
I tuoi punteggi nel tempo
Non hai fatto questo quiz